Geography : UPSC - Statistics

General Stats
  • This quiz has been taken 8 times
  • The average score is 3 of 15
Answer Stats
Encrypted Decoded % Correct
Gondwana and Laurasia were part of this supercontinent 200 million years ago Pangea
57%
A habitual zone is the region around a star where orbiting planets similar to the Earth can support liquid water, potentially supporting life. It is neither too hot nor too cold. It is also called Goldilocks Zone
29%
This one is a natural port of india popularly known as " Queen of the Arabian Sea". Kochi
29%
Tectonic plates are slabs of Rock in Earth's crust and upper mantle. What word designates this portion of Earth's interior Lithosphere
29%
This scale is used to measure the intensity of an earthquake , has ranges from 1 to 12, Mercalli
29%
Also referred as Shiv Ganga, originating in the Varusanadu Hills, the river finally empties into the Palk Strait near the Pamban Bridge Vaigai
29%
In 1930s, this guy put forward his ' Convection Current Theory' ie presence of radioactive elements which causes thermal differences in the mantle portion. Arthur Holmes
14%
BIG BANG THEORY or EXPANDING UNIVERSE HYPOTHESIS was given in 1927 by Georges Lemaître
14%
This type of iron ore also called black ore considered the best quality with a very content of iron of around 70%. Magnetite
14%
This limit states that the maximum mass that a white dwarf star can have and remain stable and becomes a Neutron Star The Chandrasekhar limit
14%
The concept of population density was first used by Henry Dury Harness in a series of maps prepared by him considering the railways of Ireland in year 1837
0%
World's first airmail service covered 10KM on Feb 18, 1911, which was also the first commercial flight in India took place from Allahabad to? Naini
0%
In 1967, Mckenzie and Parker & also Morgan independently collected the available ideas and came out with concept of Plate Tectonics
0%
This is a unit of heat transmission, especially used to express the rate of solar radiation (or insolation) received by the earth. The Langley (Ly)
0%
Saline soils which contain a larger proportion of sodium, potassium, and magnesium , and thus, they are infertile and do not support any vegetative growth are also known as _ soils . Usara
0%
No matching quizzes found
Score Distribution
Percent of People with Each Score
Percentile by Number Answered
Your Score History
You have not taken this quiz